Hacia vías urbanas más seguras: medidas correctivas de bajo costo aplicadas en ciudades chilenas

Guardat en:
Dades bibliogràfiques
Autor principal: Palma Vergara, Martha E. L. (autora)
Format: Llibre
Idioma:espanyol
Publicat: Santiago CONASET 2005
Santiago Comisión Nacional de Seguridad de Tránsito 2005
Edició:1a. ed
Matèries:
Etiquetes: Afegir etiqueta
Sense etiquetes, Sigues el primer a etiquetar aquest registre!

MARC

LEADER 00000nam a2200000 a 4500
001 UCJ0528
003 CL-VaPUC
008 060811e20050000cl |||||||||||||||||spa|d
082 0 4 |a 711.7  |b PAL  |2 21 
100 |a Palma Vergara, Martha E. L.  |e autora  |9 500770 
245 1 0 |a Hacia vías urbanas más seguras: medidas correctivas de bajo costo aplicadas en ciudades chilenas 
250 |a 1a. ed 
300 |a 385 p 
942 |c BK 
945 |d 20060811 00:00:00  |a cmena 
260 |a Santiago  |b CONASET  |c 2005 
260 |a Santiago  |b Comisión Nacional de Seguridad de Tránsito  |c 2005 
650 0 |a Planificación urbana   |9 258176 
650 0 |a Seguridad vial  |9 351161 
650 0 |a Ciudades  |9 265474 
650 0 |a Medios de transporte  |9 260938 
651 7 |a CHILE  |2 CL-VaPUC  |9 500771 
999 |c 317360  |d 317358 
583 |k Rodrigo Vera 
952 |0 0  |1 0  |4 0  |6 711_700000000000000_PAL_2005_2005  |7 0  |8 R  |9 393658  |a BIBARQ  |b BIBARQ  |d 2019-11-22  |i 4262840  |o 711.7 PAL 2005 2005  |p 4262840  |r 2025-01-20  |w 2019-11-22  |y BK_R  |k ARQ